[Event "27th Heraklion Open 2019"]
[Site "Heraklion"]
[Date "2019.09.04"]
[Round "2.2"]
[White "Levin, Evgeny A."]
[Black "Borbantonakis, Ioannis"]
[Result "1-0"]
[WhiteElo "2511"]
[BlackElo "1635"]
[Annotator "TA"]
[PlyCount "55"]
[EventDate "2019.09.03"]
[EventType "swiss"]
[EventCountry "GRE"]
[SourceTitle "playchess.com"]
[Source "ChessBase"]
[SourceQuality "1"]

{[%evp 14,55,44,29,42,40,51,44,72,69,64,0,68,82,68,70,77,35,75,78,82,66,86,81,133,146,211,200,423,447,442,436,439,431,359,418,873,855,1017,1010,1173,1158,1509,1504]} 1. d4 Nf6 2. c4 g6 3. Nc3 d6 4. e4 Bg7 5. Nf3 O-O 6. Be2 e5 7. Be3 a5 8. O-O Nc6 {E94: King's Indian: Classical: 6 Be2 e5 7 0-0: Various Black 7th moves} (8... Na6 9. Qc2 Qe8 10. h3 Nb4 11. Qb1 Nxe4 12. Qxe4 f5 13. Qh4 f4 14. a3 h6 15. axb4 g5 16. Nxg5 hxg5 17. Qxg5 Rf5 18. Qh4 Rf6 19. Nd5 Rh6 20. Qxh6 {1-0 (20) Benkovic,P (2375)-Jankovic,A (2568) Jahorina 2018}) 9. d5 Ne7 10. Ne1 Ne8 {White is slightly better.} 11. f3 f5 12. g4 ({White should try} 12. Nd3 $14) 12... fxg4 (12... f4 $11 13. Bf2 h5) 13. fxg4 $14 Rxf1+ 14. Kxf1 Bd7 15. Nd3 Nf6 16. g5 $146 {[%mdl 2048] Keeping Black busy.} ({Predecessor:} 16. Kg2 Qe8 17. h3 g5 18. Bxg5 {0-1 (34) Zaerban,J-Wagner,A Kassel 1998}) 16... Nh5 17. Kg2 c6 18. Bg4 Qc8 ({Better is} 18... Qc7) 19. h3 $16 ({Don't play} 19. Bxh5 $6 gxh5 20. Nf2 (20. Qxh5 b5 $11) 20... cxd5 $14) 19... Kh8 (19... Bxg4 $16 20. Qxg4 (20. hxg4 cxd5 21. cxd5 Nf4+ 22. Nxf4 exf4 $16) 20... a4) 20. Na4 $18 {[#] Threatens to win with Nb6.} Ra6 $2 (20... cxd5 21. Nb6 {[%mdl 64] Double Attack} Qd8) 21. Nb6 Rxb6 22. Bxb6 cxd5 23. cxd5 Qc4 24. Bxd7 Nxd5 (24... Qxe4+ $142 25. Kg1 Ng3) 25. exd5 {White is clearly winning.} Qxd5+ 26. Kg1 Ng3 27. Nf2 Qc4 28. Bg4 {Accuracy: White = 57%, Black = 40%.} 1-0

[Event "27th Heraklion Open 2019"]
[Site "Heraklion"]
[Date "2019.09.04"]
[Round "2.3"]
[White "Xirouhakis, Emmanouil"]
[Black "Mirzoev, Emil"]
[Result "0-1"]
[WhiteElo "1574"]
[BlackElo "2477"]
[Annotator "ChessBase"]
[PlyCount "108"]
[EventDate "2019.09.03"]
[EventType "swiss"]
[EventCountry "GRE"]
[SourceTitle "playchess.com"]
[Source "ChessBase"]
[SourceQuality "1"]
[TimeControl "40/5400+30:1800+30"]

1. d4 Nf6 2. c4 d6 3. Nc3 Bf5 4. Nf3 g6 5. e3 Bg7 6. Bd3 Bd7 7. Qc2 O-O 8. O-O Nc6 9. a3 e5 10. dxe5 dxe5 11. Rd1 Re8 12. Rb1 a5 13. b3 Qc8 14. Ne4 Nxe4 15. Bxe4 h6 16. Bb2 Kh7 17. Rd2 Re7 18. Rbd1 Nb8 19. c5 c6 20. Bd3 Be8 21. Bc4 Na6 22. Bxa6 bxa6 23. Rd6 Rb8 24. Nd2 Qb7 25. Bc3 Qb5 26. b4 f5 27. Nb3 Qa4 28. Qb2 axb4 29. axb4 e4 30. Bxg7 Rxg7 31. R6d4 Bf7 32. Rb1 Rxb4 33. Rxb4 Qxb4 34. Nd4 Qxb2 35. Rxb2 Bd5 36. Rb6 Ra7 37. Nxc6 Bxc6 38. Rxc6 a5 39. Rd6 a4 40. Rd1 Kg7 41. Kf1 Kf7 42. Ke2 Ke7 43. f3 a3 44. fxe4 fxe4 45. Ra1 Kd7 46. Kd2 Kc6 47. Ra2 Kxc5 48. Kc3 Rd7 49. Re2 Rd3+ 50. Kc2 Kc4 51. g4 g5 52. h3 Rc3+ 53. Kb1 Kb3 54. Re1 Rc2 0-1

[Event "27th Heraklion Open 2019"]
[Site "Heraklion"]
[Date "2019.09.04"]
[Round "2.4"]
[White "Peng, Li Min"]
[Black "Koumis, Filippos"]
[Result "1-0"]
[WhiteElo "2465"]
[BlackElo "1601"]
[Annotator "TA"]
[PlyCount "59"]
[EventDate "2019.09.03"]
[EventType "swiss"]
[EventCountry "GRE"]
[SourceTitle "playchess.com"]
[Source "ChessBase"]
[SourceQuality "1"]

{[%evp 10,59,-27,-29,-24,-44,-8,-23,-16,-13,37,61,38,47,127,128,123,72,80,69,95,75,85,73,86,94,100,100,129,114,129,129,129,130,123,125,191,193,187,178,187,185,370,370,358,365,325,306,390,380,568,568]} 1. e4 c5 2. Nc3 Nc6 3. f4 a6 4. a4 e6 5. Bc4 Nge7 6. d3 d5 {B23: Closed Sicilian: Lines without g3} 7. Bb3 dxe4 8. Nxe4 Nd5 $146 {Black has an edge.} ({Predecessor:} 8... Nf5 9. Nf3 Be7 10. O-O O-O 11. c3 b6 12. Qe2 Qd7 13. Ne5 Nxe5 14. fxe5 {1-0 (22) Jezbera,J (2133)-Mertanen,J (2281) Pardubice 2019}) 9. Nf3 Nd4 10. Nxd4 cxd4 11. O-O f5 (11... Be7 $14) 12. Ng5 $16 Be7 13. Nf3 (13. Qh5+ $142 g6 14. Qe2) 13... O-O 14. Qe2 Bc5 15. Bd2 Qd6 16. g3 b6 17. Rae1 Rf6 18. Qe5 Qxe5 19. fxe5 Rf8 20. Bxd5 $1 exd5 21. b4 {[%cal Bb2b4,Bb4b5][%mdl 32]} Be7 22. Nxd4 a5 {[#]} (22... g6 $16 {was called for.} 23. Re2 Re8) 23. b5 $1 $18 Bc5 24. Be3 Re8 25. Nf3 ({Resist} 25. Nxf5 $6 Bb4 $16) 25... Bb7 $2 (25... Bxe3+ {was necessary.} 26. Rxe3 g6) 26. Bxc5 bxc5 27. Nd2 g6 28. Nb3 c4 29. Nc5 Rab8 (29... Re7 $142 30. d4 Rb8) 30. Nd7 {Accuracy: White = 79%, Black = 37%.} 1-0

[Event "27th Heraklion Open 2019"]
[Site "Heraklion"]
[Date "2019.09.04"]
[Round "2.5"]
[White "Koutsouraki, Ariadni"]
[Black "Bogdanov, Egor"]
[Result "0-1"]
[WhiteElo "1516"]
[BlackElo "2422"]
[Annotator "ChessBase"]
[PlyCount "112"]
[EventDate "2019.09.03"]
[EventType "swiss"]
[EventCountry "GRE"]
[SourceTitle "playchess.com"]
[Source "ChessBase"]
[SourceQuality "1"]
[TimeControl "40/5400+30:1800+30"]

1. e4 c5 2. Nf3 Nc6 3. d4 cxd4 4. Nxd4 Nf6 5. Nc3 g6 6. Be3 Bg7 7. Bc4 O-O 8. Bb3 d6 9. h3 Na5 10. O-O b6 11. Bd5 Nxd5 12. Nxd5 e6 13. Nc3 Nc4 14. Bc1 Qf6 15. Nde2 Qe7 16. b3 Na5 17. Bb2 Ba6 18. Re1 Rac8 19. Na4 Bxb2 20. Nxb2 Rfd8 21. c4 Qf6 22. Qd4 Qxd4 23. Nxd4 d5 24. exd5 exd5 25. cxd5 Rxd5 26. Red1 Rcd8 27. Nc2 Rd2 28. Nb4 Be2 29. Rxd2 Rxd2 30. Na4 Rd4 31. Nc3 Rxb4 32. Nxe2 Re4 33. Nc3 Re5 34. Kf1 Nc6 35. Re1 Rc5 36. Ne4 Ra5 37. a4 Nd4 38. Rb1 b5 39. axb5 Rxb5 40. Nd2 Rc5 41. Kg1 Rc2 42. Ne4 f5 43. Ng3 h5 44. h4 Kf7 45. Rd1 Nc6 46. Kf1 Ke6 47. Ne2 Ke5 48. f4+ Ke6 49. Rc1 Rxc1+ 50. Nxc1 Kd5 51. Ke2 Ke4 52. g3 Nd4+ 53. Kf2 a5 54. Ne2 Nxb3 55. Nc3+ Kd4 56. Na4 Nc5 0-1

[Event "27th Heraklion Open 2019"]
[Site "Heraklion"]
[Date "2019.09.04"]
[Round "2.6"]
[White "Gretarsson, Helgi Ass"]
[Black "Petratos, Georgios"]
[Result "1-0"]
[WhiteElo "2410"]
[BlackElo "1567"]
[Annotator "TA"]
[PlyCount "69"]
[EventDate "2019.09.03"]
[EventType "swiss"]
[EventCountry "GRE"]
[SourceTitle "playchess.com"]
[Source "ChessBase"]
[SourceQuality "1"]

{[%evp 12,69,59,15,11,8,21,0,0,0,2,0,5,-8,23,25,186,188,194,189,179,109,120,108,108,108,109,108,171,148,155,154,139,141,218,222,218,220,312,310,342,339,329,308,656,643,614,627,1053,1025,986,974,964,850,29960,6395,6540,6454,29945,12202]} 1. e4 d5 2. exd5 Nf6 3. d4 Bg4 4. Be2 Bxe2 5. Qxe2 Qxd5 6. Nf3 Nc6 7. Nc3 Qh5 {B01: Scandinavian Defence} 8. Be3 (8. Bg5 Nxd4 9. Nxd4 Qxg5 10. h4 Qh5 11. f3 O-O-O 12. O-O-O e6 13. g4 Qa5 14. Nb3 Rxd1+ 15. Rxd1 {0-1 (59) Svidler,P (2650)-Shirov,A (2685) Tilburg 1996}) 8... O-O-O 9. O-O-O {Threatens to win with Ng5.} e6 {The position is equal.} 10. a3 Be7 11. h3 h6 $146 ({Predecessor:} 11... Nd5 12. Nb1 Nxe3 13. Qxe3 Bf6 14. Nc3 Rd7 15. g4 {0-1 (41) Nouman,A (1909)-Milovic,A (2176) Batumi 2018}) 12. Qc4 Rhe8 13. g4 Qg6 $2 (13... Qa5 $11) 14. Ne5 $18 Nxe5 15. dxe5 {[%mdl 64] Discovered Attack} Nd5 {[#]} 16. Nxd5 (16. Nb5 $1 $18 {Hoping for Rxd5!} c6 17. Nxa7+ Kc7 18. Bd4) 16... Rxd5 $16 17. Rxd5 exd5 18. Qxd5 $40 {[%mdl 128] White attacks with force.} Rd8 19. Qc4 h5 (19... a6 $16) 20. gxh5 Qxh5 21. Qg4+ (21. Bxa7 $6 Qxe5 22. Be3 Qd5 $14) 21... Qxg4 22. hxg4 {[%mdl 4096] Endgame KRB-KRB} f6 (22... Kd7 $16 {is a better defense.} 23. Rh7 (23. Bxa7 b6 $11) 23... Rg8) 23. Rh7 $18 ({Stronger than} 23. Bxa7 b6 $15) 23... Rg8 24. e6 ({Weaker is} 24. Bxa7 b6 $15) 24... a6 (24... c5 {was called for.} 25. f4 Kc7) 25. f4 Kd8 26. Kd2 Bd6 27. Kd3 g6 $2 (27... Ke7 28. f5 Be5 29. Bc5+ Ke8) 28. Ke4 Be7 29. Bd4 Ke8 30. Rf7 Rf8 31. Rxe7+ {[%mdl 64] [#] Remove Defender} Kxe7 32. Bc5+ {[%mdl 64] Skewer} Ke8 33. Bxf8 Kxf8 34. f5 gxf5+ 35. gxf5 {Accuracy: White = 85%, Black = 22%.} 1-0

[Event "27th Heraklion Open 2019"]
[Site "Heraklion"]
[Date "2019.09.04"]
[Round "2.7"]
[White "Galanakis, Nikolaos"]
[Black "Namini, Armin"]
[Result "0-1"]
[WhiteElo "1595"]
[BlackElo "2251"]
[Annotator "ChessBase"]
[PlyCount "79"]
[EventDate "2019.09.03"]
[EventType "swiss"]
[EventCountry "GRE"]
[SourceTitle "playchess.com"]
[Source "ChessBase"]
[SourceQuality "1"]
[TimeControl "40/5400+30:1800+30"]

1. b3 a5 2. a3 e6 3. Bb2 Nf6 4. e3 c5 5. Bb5 Na6 6. Nf3 Nc7 7. Be2 a4 8. Nc3 axb3 9. cxb3 Be7 10. O-O O-O 11. Ne5 d6 12. Nf3 b6 13. Qc2 Bb7 14. d4 Qb8 15. b4 Rc8 16. dxc5 dxc5 17. bxc5 Ncd5 18. Nxd5 Bxd5 19. c6 Bxc6 20. Rfc1 Qb7 21. Qd1 Nd7 22. Qf1 Nc5 23. Rc4 f6 24. Nd4 Bd5 25. Rc2 Na4 26. Rxc8+ Qxc8 27. Rb1 Qd8 28. Bf3 Bc5 29. Bxd5 Qxd5 30. Qb5 h6 31. Ne2 Qe4 32. Nc3 Qc2 33. Qc6 Nxc3 34. Qxa8+ Kh7 35. Rf1 Qxb2 36. Qc6 Qb3 37. h4 Qc4 38. g3 Qg4 39. Kh2 Ne4 40. Qd7 0-1

[Event "27th Heraklion Open 2019"]
[Site "Heraklion"]
[Date "2019.09.04"]
[Round "2.8"]
[White "Hulshof, Peter"]
[Black "Kazakos, Nikolaos"]
[Result "1-0"]
[WhiteElo "2180"]
[BlackElo "1514"]
[Annotator "ChessBase"]
[PlyCount "181"]
[EventDate "2019.09.03"]
[EventType "swiss"]
[EventCountry "GRE"]
[SourceTitle "playchess.com"]
[Source "ChessBase"]
[SourceQuality "1"]
[TimeControl "40/5400+30:1800+30"]

1. c4 e6 2. Nc3 Nf6 3. g3 d5 4. cxd5 exd5 5. d4 c6 6. Bg2 Bd6 7. Nf3 h6 8. Qc2 O-O 9. O-O Re8 10. Re1 Bg4 11. h3 Bxf3 12. Bxf3 Qd7 13. Kg2 Na6 14. Bd2 Nc7 15. Rad1 Ne6 16. Qd3 Rad8 17. h4 a6 18. e4 dxe4 19. Nxe4 Nxe4 20. Bxe4 Bc5 21. Ba5 b6 22. dxc5 Qxd3 23. Rxd3 Rxd3 24. Bxd3 bxa5 25. Bxa6 Rb8 26. b3 Nxc5 27. Bc4 Nb7 28. Re7 Nd6 29. Ra7 Nxc4 30. bxc4 Rb4 31. Rxa5 Rxc4 32. Ra8+ Kh7 33. Kf3 Rc1 34. Ke3 Rd1 35. f3 c5 36. Ra3 Kg6 37. Rc3 Ra1 38. a3 Kf6 39. g4 g5 40. hxg5+ hxg5 41. Ke4 Ke6 42. Rxc5 Rxa3 43. Rxg5 Ra4+ 44. Ke3 Ra3+ 45. Kf4 Ra4+ 46. Kg3 Kf6 47. Rb5 Rc4 48. f4 Rc1 49. Rb6+ Kg7 50. g5 Rg1+ 51. Kf3 Rf1+ 52. Kg4 Rc1 53. Rb4 Rc6 54. f5 Rc1 55. Kh5 Rh1+ 56. Rh4 Rg1 57. Rh2 Rg3 58. f6+ Kh7 59. Ra2 Rg1 60. Ra8 Rh1+ 61. Kg4 Rg1+ 62. Kf5 Rf1+ 63. Ke5 Re1+ 64. Kd6 Kg6 65. Rg8+ Kf5 66. Rg7 Re2 67. Kd7 Re1 68. Rxf7 Kxg5 69. Re7 Ra1 70. f7 Ra7+ 71. Kd6 Ra6+ 72. Ke5 Ra5+ 73. Ke4 Ra4+ 74. Ke3 Ra3+ 75. Kf2 Ra2+ 76. Re2 Ra8 77. Re8 Ra2+ 78. Ke1 Ra1+ 79. Kd2 Ra2+ 80. Kc3 Ra3+ 81. Kb4 Rf3 82. f8=Q Rxf8 83. Rxf8 Kg6 84. Kc5 Kg7 85. Rf2 Kg6 86. Kd5 Kg5 87. Ke4 Kg6 88. Ke5 Kg7 89. Ke6 Kg8 90. Ke7 Kg7 91. Rg2+ 1-0

[Event "27th Heraklion Open 2019"]
[Site "Heraklion"]
[Date "2019.09.04"]
[Round "2.9"]
[White "Mavridis, Athanasios"]
[Black "Ivanov, Mike"]
[Result "0-1"]
[WhiteElo "1493"]
[BlackElo "2177"]
[Annotator "ChessBase"]
[PlyCount "86"]
[EventDate "2019.09.03"]
[EventType "swiss"]
[EventCountry "GRE"]
[SourceTitle "playchess.com"]
[Source "ChessBase"]
[SourceQuality "1"]
[TimeControl "40/5400+30:1800+30"]

1. d4 Nf6 2. c4 c5 3. d5 e6 4. Nc3 exd5 5. cxd5 d6 6. Nf3 g6 7. Bf4 a6 8. a4 Bg7 9. h3 O-O 10. e3 Qe7 11. Be2 Nbd7 12. O-O Ne8 13. Re1 Rb8 14. Qc2 Nc7 15. Bh2 f5 16. Nd2 Ne5 17. a5 Bd7 18. Bxe5 Bxe5 19. Nc4 Bg7 20. Nb6 Be8 21. Bf3 Nb5 22. Ne2 g5 23. Nc3 Qf6 24. Rac1 Rd8 25. Qb3 g4 26. Be2 gxh3 27. g3 f4 28. exf4 Nd4 29. Qd1 Qh6 30. Kh2 Bg6 31. Bg4 Rxf4 32. gxf4 Qxf4+ 33. Kxh3 Be5 34. Rxe5 dxe5 35. Qg1 Qh6+ 36. Kg2 Qg5 37. Kh3 Kh8 38. Ne2 Nf5 39. Rc4 Rg8 40. Ng3 Qh6+ 41. Kg2 Nh4+ 42. Kf1 Bd3+ 43. Ne2 Qd2 0-1

[Event "27th Heraklion Open 2019"]
[Site "Heraklion"]
[Date "2019.09.04"]
[Round "2.10"]
[White "Lirindzakis, Timotheos"]
[Black "Vitsaxaki, Iris"]
[Result "1-0"]
[WhiteElo "2157"]
[BlackElo "1494"]
[Annotator "ChessBase"]
[PlyCount "89"]
[EventDate "2019.09.03"]
[EventType "swiss"]
[EventCountry "GRE"]
[SourceTitle "playchess.com"]
[Source "ChessBase"]
[SourceQuality "1"]
[TimeControl "40/5400+30:1800+30"]

1. Nf3 Nf6 2. c4 c6 3. d4 d5 4. e3 g6 5. Nc3 Bg7 6. Be2 O-O 7. O-O Bg4 8. Qb3 Qb6 9. Qxb6 axb6 10. cxd5 Nxd5 11. Nxd5 cxd5 12. h3 Bd7 13. Bd2 Bc6 14. a3 Nd7 15. Rac1 Rfc8 16. Rc2 Ba4 17. Rxc8+ Rxc8 18. Rc1 Rxc1+ 19. Bxc1 f6 20. Nd2 Bc6 21. Nb1 Nb8 22. Nc3 Na6 23. Nb5 Bd7 24. Bd2 Bf8 25. Kf1 Kf7 26. Ke1 e5 27. dxe5 fxe5 28. Bc3 Bxb5 29. Bxb5 Bd6 30. b4 Ke7 31. f3 Nc7 32. Bd3 Ne6 33. Kf2 Kf7 34. Bc2 Nc7 35. Bb2 Ke7 36. h4 Ne6 37. h5 gxh5 38. Bxh7 Kf7 39. Bc2 Nc7 40. Kg3 Kg7 41. f4 Kf6 42. Kh4 d4 43. fxe5+ Bxe5 44. exd4 Bf4 45. Kxh5 1-0

[Event "27th Heraklion Open 2019"]
[Site "Heraklion"]
[Date "2019.09.04"]
[Round "2.11"]
[White "Dagkonaki, Aspasia"]
[Black "Fasching, Markus"]
[Result "0-1"]
[WhiteElo "1413"]
[BlackElo "2029"]
[Annotator "NA"]
[PlyCount "44"]
[EventDate "2019.09.03"]
[EventType "swiss"]
[EventCountry "GRE"]
[SourceTitle "playchess.com"]
[Source "ChessBase"]
[SourceQuality "1"]
[TimeControl "40/5400+30:1800+30"]

1. e4 c5 2. Nf3 d6 3. d4 cxd4 4. Nxd4 Nf6 5. Nc3 g6 6. Be3 Bg7 7. f3 O-O 8. Qd2 Nc6 9. O-O-O d5 10. Nxc6 bxc6 11. exd5 cxd5 12. Nxd5 Nxd5 13. Qxd5 Qc7 14. Qc5 Qb7 15. Bd4 Bf5 16. Bc3 Bxc3 17. bxc3 Rab8 18. Qb4 Qc7 19. Qc4 Qb6 20. Kd2 Rfd8+ 21. Bd3 Bxd3 22. cxd3 Qf2+ 0-1

[Event "27th Heraklion Open 2019"]
[Site "Heraklion"]
[Date "2019.09.04"]
[Round "2.12"]
[White "Alquist, Erik"]
[Black "Tsapaki, Asimenia"]
[Result "1-0"]
[WhiteElo "2020"]
[BlackElo "1460"]
[Annotator "NA"]
[PlyCount "49"]
[EventDate "2019.09.03"]
[EventType "swiss"]
[EventCountry "GRE"]
[SourceTitle "playchess.com"]
[Source "ChessBase"]
[SourceQuality "1"]
[TimeControl "40/5400+30:1800+30"]

1. e4 c5 2. Nf3 Nf6 3. Nc3 d5 4. exd5 Nxd5 5. Bc4 e6 6. O-O Be7 7. Re1 Nc6 8. d4 Nb6 9. Bb5 Bd7 10. d5 Nb4 11. dxe6 fxe6 12. Ne5 Bxb5 13. Qh5+ g6 14. Nxg6 Kd7 15. Rd1+ Bd6 16. Nxh8 Qxh8 17. Nxb5 Nc8 18. Bf4 Nd5 19. Bxd6 Nxd6 20. Nxd6 Kxd6 21. c4 Rf8 22. cxd5 Rf5 23. dxe6+ Kxe6 24. Re1+ Kf6 25. Qh6+ 1-0

[Event "27th Heraklion Open 2019"]
[Site "Heraklion"]
[Date "2019.09.04"]
[Round "2.13"]
[White "Stathatos, Alexandros"]
[Black "Putrenko, Kirill"]
[Result "0-1"]
[WhiteElo "1387"]
[BlackElo "1974"]
[Annotator "NA"]
[PlyCount "74"]
[EventDate "2019.09.03"]
[EventType "swiss"]
[EventCountry "GRE"]
[SourceTitle "playchess.com"]
[Source "ChessBase"]
[SourceQuality "1"]
[TimeControl "40/5400+30:1800+30"]

1. e4 c5 2. Nf3 e6 3. d4 cxd4 4. Nxd4 Nf6 5. Bd3 Nc6 6. Nb3 d5 7. exd5 Nxd5 8. O-O Bd6 9. f4 O-O 10. Qf3 Nf6 11. Nc3 Nb4 12. Rd1 Qe7 13. Be3 Nxd3 14. Rxd3 e5 15. Nd5 Nxd5 16. Qxd5 exf4 17. Bf2 Bc7 18. Re1 Qf6 19. Nd4 h6 20. c3 Qg6 21. Rd2 Rd8 22. Qe4 Qxe4 23. Rxe4 b6 24. Rde2 Bd7 25. Nb3 Re8 26. Rxe8+ Rxe8 27. Rd2 Rd8 28. Nd4 g5 29. g3 fxg3 30. Bxg3 Bxg3 31. hxg3 Bc8 32. Re2 Kf8 33. Nc6 Rd1+ 34. Kf2 Ba6 35. Re1 Rd2+ 36. Ke3 Rxb2 37. Nb4 Bc4 0-1

[Event "27th Heraklion Open 2019"]
[Site "Heraklion"]
[Date "2019.09.04"]
[Round "2.14"]
[White "Kotsinis, Alexandros"]
[Black "Vlatas, Dimitrios"]
[Result "1-0"]
[WhiteElo "1951"]
[BlackElo "1393"]
[Annotator "NA"]
[PlyCount "37"]
[EventDate "2019.09.03"]
[EventType "swiss"]
[EventCountry "GRE"]
[SourceTitle "playchess.com"]
[Source "ChessBase"]
[SourceQuality "1"]
[TimeControl "40/5400+30:1800+30"]

1. b3 d5 2. Bb2 c5 3. e3 Nc6 4. f4 Nf6 5. Bb5 e6 6. Bxc6+ bxc6 7. Nf3 Ba6 8. d3 Be7 9. Ne5 Qc7 10. Nd2 Qb6 11. c4 d4 12. Qe2 Rd8 13. O-O-O Bb7 14. Ndf3 a5 15. Qf2 a4 16. bxa4 dxe3 17. Qxe3 Qb4 18. Rhe1 Qxa4 19. Nxf7 1-0

[Event "27th Heraklion Open 2019"]
[Site "Heraklion"]
[Date "2019.09.04"]
[Round "2.15"]
[White "Matthaiaki, Nefeli"]
[Black "Atakay, Mustafa"]
[Result "0-1"]
[WhiteElo "1306"]
[BlackElo "1866"]
[Annotator "NA"]
[PlyCount "84"]
[EventDate "2019.09.03"]
[EventType "swiss"]
[EventCountry "GRE"]
[SourceTitle "playchess.com"]
[Source "ChessBase"]
[SourceQuality "1"]
[TimeControl "40/5400+30:1800+30"]

1. e4 c6 2. d4 d5 3. Nc3 dxe4 4. Nxe4 Nf6 5. Ng3 e6 6. Nf3 c5 7. c3 cxd4 8. Qxd4 Bd7 9. Be3 Nc6 10. Qd2 Qa5 11. Bc4 Rd8 12. O-O b5 13. Bb3 Be7 14. Rad1 O-O 15. Rfe1 b4 16. Qc2 bxc3 17. bxc3 Rc8 18. Bd2 Rfd8 19. Ne4 Qa6 20. h3 Nb4 21. Qb1 Nbd5 22. Ng3 Nxc3 23. Bxc3 Rxc3 24. Qb2 Rcc8 25. Qe2 Qb6 26. Nf5 Bb4 27. Nd6 Bxd6 28. Kh1 Bb4 29. Rf1 Bb5 30. Rxd8+ Rxd8 31. Bc4 Bxc4 32. Qxc4 Qc5 33. Qxc5 Bxc5 34. Ne5 Rd5 35. f4 Nd7 36. Nxd7 Rxd7 37. Rc1 Bb6 38. Rc2 h5 39. g3 g6 40. Kg2 Kg7 41. Rb2 Ba5 42. Rb5 Rd2+ 0-1

[Event "27th Heraklion Open 2019"]
[Site "Heraklion"]
[Date "2019.09.04"]
[Round "2.16"]
[White "Burnett, Leon P"]
[Black "Ergazaki, Eirini"]
[Result "1/2-1/2"]
[WhiteElo "1849"]
[BlackElo "1336"]
[Annotator "NA"]
[PlyCount "59"]
[EventDate "2019.09.03"]
[EventType "swiss"]
[EventCountry "GRE"]
[SourceTitle "playchess.com"]
[Source "ChessBase"]
[SourceQuality "1"]
[TimeControl "40/5400+30:1800+30"]

1. c4 e6 2. e4 d5 3. exd5 exd5 4. d4 Nf6 5. Nc3 c6 6. Nf3 Bf5 7. Be2 Be7 8. Qb3 b6 9. Bg5 dxc4 10. Bxc4 O-O 11. O-O h6 12. Bh4 Nbd7 13. Rfe1 Bg6 14. Ne5 Nxe5 15. dxe5 Nd7 16. Bxe7 Qxe7 17. Bxf7+ Qxf7 18. Qxf7+ Bxf7 19. e6 Nc5 20. exf7+ Kxf7 21. Re3 Rfd8 22. Rae1 Nd3 23. R1e2 Nc1 24. Re1 Nd3 25. Rf3+ Kg8 26. Re2 Nc1 27. Re1 Nd3 28. Re2 Nc1 29. Re1 Nd3 30. Re2 1/2-1/2

[Event "27th Heraklion Open 2019"]
[Site "Heraklion"]
[Date "2019.09.04"]
[Round "2.17"]
[White "Farsaris Zaharakis, Mihail"]
[Black "Bras, Emmanouel"]
[Result "1/2-1/2"]
[WhiteElo "1273"]
[BlackElo "1838"]
[Annotator "NA"]
[PlyCount "134"]
[EventDate "2019.09.03"]
[EventType "swiss"]
[EventCountry "GRE"]
[SourceTitle "playchess.com"]
[Source "ChessBase"]
[SourceQuality "1"]
[TimeControl "40/5400+30:1800+30"]

1. e4 c6 2. d4 d5 3. exd5 cxd5 4. Nf3 Nc6 5. Bf4 Bg4 6. c3 Nf6 7. Nbd2 e6 8. Be2 Bd6 9. Ne5 Bxe2 10. Qxe2 O-O 11. O-O Rc8 12. Bg5 Ne7 13. Ndf3 Ne4 14. Bxe7 Qxe7 15. Nd3 Rc7 16. a4 Rfc8 17. Nd2 Nxd2 18. Qxd2 Qh4 19. g3 Qd8 20. f4 g6 21. Rfe1 Kg7 22. Ne5 h5 23. Kg2 Qh8 24. h4 Qd8 25. Qe3 Re7 26. Qd2 Qc7 27. Qe2 Qb6 28. Qd2 Qa6 29. Qf2 Qb6 30. Qd2 a6 31. a5 Qb5 32. Qf2 Bc7 33. Qe2 Qe8 34. Qd2 Qd8 35. b4 Bd6 36. Qb2 Rec7 37. Re3 Qe8 38. Qa3 Qb5 39. Rb1 Ra8 40. Qb3 b6 41. axb6 Qxb6 42. Qa4 Raa7 43. Rb3 Qb7 44. Kf2 Qc8 45. Kg2 Qa8 46. Re2 Qc8 47. Re3 Qd8 48. Kf2 Qf6 49. Kg2 Qf5 50. Qa2 Ra8 51. Rb2 Rac8 52. Qb3 Bxe5 53. fxe5 g5 54. hxg5 Rh8 55. Qd1 Qxg5 56. Qf3 Rh6 57. Rf2 h4 58. Qf4 Qxf4 59. Rxf4 hxg3 60. Rxg3+ Rg6 61. Rff3 Rxg3+ 62. Rxg3+ Kf8 63. Kf2 a5 64. bxa5 Ra7 65. Ke2 Rxa5 66. Kd3 Ra2 67. Re3 Ke7 1/2-1/2

[Event "27th Heraklion Open 2019"]
[Site "Heraklion"]
[Date "2019.09.04"]
[Round "2.18"]
[White "Fragkiadakis, Emmanouel"]
[Black "Georgakakis, Michail"]
[Result "1-0"]
[WhiteElo "1743"]
[BlackElo "1303"]
[Annotator "NA"]
[PlyCount "88"]
[EventDate "2019.09.03"]
[EventType "swiss"]
[EventCountry "GRE"]
[SourceTitle "playchess.com"]
[Source "ChessBase"]
[SourceQuality "1"]
[TimeControl "40/5400+30:1800+30"]

1. d4 Nf6 2. Bf4 d6 3. e3 g6 4. Nf3 Bg7 5. Be2 O-O 6. O-O c6 7. c4 a6 8. a4 a5 9. Nc3 d5 10. Ne5 e6 11. Qb3 Na6 12. Rfd1 Nb4 13. Na2 Nxa2 14. Rxa2 h6 15. h3 g5 16. Bh2 Nd7 17. Nxd7 Qxd7 18. Qb6 f5 19. Ra3 Bf6 20. c5 Bd8 21. Qb3 Bc7 22. Bxc7 Qxc7 23. Qb6 Qxb6 24. cxb6 Bd7 25. Rc1 Kg7 26. Rc5 Kf6 27. f4 Rh8 28. Ra1 h5 29. b4 axb4 30. a5 Bc8 31. Rb1 h4 32. Rxb4 Rg8 33. fxg5+ Rxg5 34. a6 Rg7 35. a7 Rg3 36. Kf2 Bd7 37. Ra4 Ke7 38. Ba6 bxa6 39. b7 Rgg8 40. bxa8=Q Rxa8 41. Rxa6 Kd6 42. Rc2 Kc7 43. Rb2 Kc8 44. Kf3 Kc7 1-0

[Event "27th Heraklion Open 2019"]
[Site "Heraklion"]
[Date "2019.09.04"]
[Round "2.19"]
[White "Alexandrakis, Georgios"]
[Black "Koutsourakis, Ioannis"]
[Result "0-1"]
[WhiteElo "1254"]
[BlackElo "1739"]
[Annotator "NA"]
[PlyCount "90"]
[EventDate "2019.09.03"]
[EventType "swiss"]
[EventCountry "GRE"]
[SourceTitle "playchess.com"]
[Source "ChessBase"]
[SourceQuality "1"]
[TimeControl "40/5400+30:1800+30"]

1. d4 d5 2. Nf3 Nf6 3. Bf4 c5 4. e3 e6 5. c3 Nc6 6. Bd3 Bd6 7. Bg3 b6 8. Nbd2 Bb7 9. Ne5 O-O 10. f4 c4 11. Bc2 b5 12. a3 Ne7 13. Qf3 Nf5 14. O-O Be7 15. Bf2 Nd6 16. Qe2 Nfe4 17. Rad1 Qc7 18. g4 a5 19. Kh1 f6 20. Nef3 b4 21. axb4 Nxd2 22. Qxd2 axb4 23. cxb4 Ra2 24. Bb1 Ne4 25. Bxe4 dxe4 26. Nh4 Ra4 27. b5 Qb6 28. f5 Bd5 29. Qc2 Qxb5 30. fxe6 Bxe6 31. h3 Rb4 32. Rb1 Rb8 33. Kg1 f5 34. Nxf5 Bxf5 35. gxf5 Qxf5 36. Kh2 Bd6+ 37. Bg3 Bxg3+ 38. Kxg3 Qg5+ 39. Kf2 Rf8+ 40. Ke1 Qxe3+ 41. Qe2 Rxf1+ 42. Kxf1 Qxh3+ 43. Kf2 Qh2+ 44. Ke1 Qg1+ 45. Qf1 Qxd4 0-1